Hill's complete law of town and country planning : (Record no. 17163)
[ view plain ]
| 000 -LEADER | |
|---|---|
| fixed length control field | 01094nam a22002657a 4500 |
| 001 - CONTROL NUMBER | |
| control field | 17163 |
| 003 - CONTROL NUMBER IDENTIFIER | |
| rucl marc code | BD-RjUL |
| 005 - DATE AND TIME OF LATEST TRANSACTION | |
| control field | 20211209000111.0 |
| 008 - FIXED-LENGTH DATA ELEMENTS--GENERAL INFORMATION | |
| fixed length control field | 140216s1953 enk |||| |||| 001 0 eng d |
| 035 ## - SYSTEM CONTROL NUMBER | |
| System control number | (BD-RjUL)17220 |
| 040 ## - CATALOGING SOURCE | |
| Original cataloging agency | BD-RjUL |
| Language of cataloging | eng |
| Transcribing agency | BD-RjUL |
| 041 ## - LANGUAGE CODE | |
| Language code of text/sound track or separate title | eng |
| 082 04 - DEWEY DECIMAL CLASSIFICATION NUMBER | |
| Classification number | 340 |
| Author mark and year | KEH 1953 |
| 100 1# - MAIN ENTRY--PERSONAL NAME | |
| Personal name | Kerrigan, D. P. |
| 9 (RLIN) | 25515 |
| 245 1# - TITLE STATEMENT | |
| Title | Hill's complete law of town and country planning : |
| Remainder of title | second (cumulative) supplement to the fourth edition / |
| Statement of responsibility, etc. | D P Kerrigan; R G C Davison; J D James; |
| 260 ## - PUBLICATION, DISTRIBUTION, ETC. (IMPRINT) | |
| Place of publication, distribution, etc. | London : |
| Name of publisher, distributor, etc. | Butterworth and Co.; Ahaw and Sons, |
| Date of publication, distribution, etc. | 1953. |
| 300 ## - PHYSICAL DESCRIPTION | |
| Pagination | (Various pageins.) ; |
| Size | 25 cm. |
| 504 ## - BIBLIOGRAPHY, ETC. NOTE | |
| Bibliography, etc | Include index. |
| 650 ## - SUBJECT ADDED ENTRY--TOPICAL TERM | |
| Topical term or geographic name as entry element | City planning and redevelopment law -- Great Britain. |
| 9 (RLIN) | 52935 |
| Topical term or geographic name as entry element | Regional planning -- Law and legislation -- Great Britain. |
| 9 (RLIN) | 52936 |
| 700 1# - ADDED ENTRY--PERSONAL NAME | |
| Personal name | Davison, R G C |
| Personal name | James, J D |
| 856 ## - ELECTRONIC LOCATION AND ACCESS | |
| Materials specified | WorldCat |
| Uniform Resource Identifier | <a href="http://www.worldcat.org/title/hills-complete-law-of-town-and-country-planning-second-cumulative-supplement-to-the-fourth-edition/oclc/221633677&referer=brief_results">http://www.worldcat.org/title/hills-complete-law-of-town-and-country-planning-second-cumulative-supplement-to-the-fourth-edition/oclc/221633677&referer=brief_results</a> |
| 942 ## - ADDED ENTRY ELEMENTS (KOHA) | |
| Source of classification or shelving scheme | Dewey Decimal Classification |
| Koha item type | Books |
| Lost status | Source of classification or shelving scheme | Damaged status | Not for loan | Collection code | Permanent Location | Current Location | Shelving location | Date acquired | Source of acquisition | Cost, normal purchase price | Total Checkouts | Full call number | Date last seen | Copy number | Koha item type |
|---|---|---|---|---|---|---|---|---|---|---|---|---|---|---|---|
| Dewey Decimal Classification | Not For Loan | Non-fiction | Central Library, University of Rajshahi | Central Library, University of Rajshahi | Reading Room | 13/12/2055 | Allies | 77.30 | 340 KEH 1953 | 16/02/2014 | C-1 | Books |